| 000 | 01624nam a2200193 a 4500 | ||
|---|---|---|---|
| 001 | 108 | ||
| 003 | CO-ViMGA | ||
| 008 | 141112s2004 ck r 000 u spa d | ||
| 040 |
_aCO-ViMGA _bspa _cCO-ViMGA |
||
| 082 | 0 | 4 | _a618.92 P517 |
| 100 | 1 |
_aPlata Rueda, Ernesto _94976 |
|
| 245 | 1 | 0 |
_aPediatria Práctica / _cErnesto Plata Rueda |
| 260 |
_aBogotá : _bInstituto Colombiano de bienestar familiar ICBF, _c1975 |
||
| 300 | _a479.p. | ||
| 505 | _aEjercicio de la pediatría en los paises en via de desarrollo La relación medico - paciente en pediatría Inmunizaciones activas y pasivas en el recien nacido Uso y abuso de los corticosteroides en pediatría Selección y abuso de drogas antimicrobianas Diagnostico y profilaxis de los desequilibrios hidroelectrolíticos en la infancia El telefono en la práctica pedíatrica La alimentación en la práctica pedíatrica Polifarmacia en pediatría Desnutrición Enfermedad diarreica aguda Desequilibrio hidroelectrolítico y acido básico en las enfermedades infecciosas agudas Parasitosis intestinal Manejo práctico del niño febril Estados catarrales crónicos o recidivantes de las vias respiratorias en los niños Tuberculosis en el niño Tetanos Meningitis purulenta Guia diagnóstica en el niño pálido Secuencia diagnóstica en el síndrome anemico Anemia ferropenica Manejo del niño quemado Inapetencia infantil El vómito en la infancia El niño maltratado intencionalmente .Maltrato infantil Insuficiencia ponderal del recien nacido Fomento de la alimentación materna | ||
| 650 | 1 | 4 |
_aNIÑOS - ENFERMEDADES _947830 |
| 650 | 1 | 4 |
_aPEDIATRIA _94977 |
| 942 |
_2ddc _cBK |
||
| 999 |
_c12360 _d12360 |
||